000 00715nam a22002177a 4500
003 UA-OsUOA
001 118668
007 ta
008 20160912b un ||||| |||| 00| 0 ukr d
100 _aВітряк Т.
090 _a330(477)
_bВ55
942 _cSA
040 _aUA-OsUOA
_bukr
_cUA-OsUOA
_dUA-OsUOA
245 _aЕкономіко-математичне обгрунтування багатофакторної моделі регіональних ринків праці України
300 _aС.38-44
955 _a0
041 _aukr
080 _a330(477)
773 0 _w118662
_tУкраїна: аспекти праці
_dК.
_d2016
_g6
650 7 _a330 Економіка взагалі
_2UDC
999 _c404823
_d404823